'The' Movies by Poster Quiz Stats

 Plays Quiz Updated Sep 5, 2014

Support Sporcle.
Go Orange.
Score 0/24 Timer 06:00
1 Play Today
Hint Movie % Correct
The Terminator
95.6%
The Jungle Book
95.3%
The Hangover
94%
The Addams Family
89.2%
The Dark Knight
84.9%
The Notebook
83%
The Nightmare Before Christmas
82.8%
The Breakfast Club
80.4%
The Da Vinci Code
77.2%
The Bourne Identity
76.6%
The Sixth Sense
76%
The Queen
71.6%
Hint Movie % Correct
The Shawshank Redemption
70.2%
The Usual Suspects
68.8%
The Wrestler
65.7%
The Big Lebowski
65.3%
The Fast and the Furious
61.3%
The Italian Job
59.6%
The Departed
53.9%
The Exorcist
43.8%
The League of Extraordinary Gentlemen
40.9%
The Aviator
31.6%
The Butterfly Effect
22.3%
The X-Files
18.3%

You're not logged in!

Compare scores with friends on all Sporcle quizzes.
OR
Log In
Forgot?

From the Vault

One of Two: March Madness

by Hejman

You have two shots at knowing the right answer here.
Remove Ads.
Support Sporcle.
Get the best of Sporcle when you Go Orange. This ad-free experience offers more features, more stats, and more fun while also helping to support Sporcle. Thank you for becoming a member.

Show Comments

Extras

Top Quizzes Today


Score Distribution

Your Account Isn't Verified!

In order to create a playlist on Sporcle, you need to verify the email address you used during registration. Go to your Sporcle Settings to finish the process.

Report this User

Report this user for behavior that violates our Community Guidelines.

Details: